[Event "PUR-ch"]
[Site "San Juan"]
[Date "2024.04.14"]
[Round "8"]
[White "Gerena Rivas, Eliam"]
[Black "Mejias Nunez, Rafael E"]
[Result "1-0"]
[WhiteElo "2144"]
[BlackElo "2007"]
[PlyCount "109"]
[EventDate "2024.04.06"]
[EventType "tourn"]
[EventRounds "9"]
[EventCountry "PUR"]
[SourceTitle "CB18_2024"]
[SourceDate "2024.05.01"]
[SourceVersion "1"]
[SourceVersionDate "2024.05.01"]
[SourceQuality "2"]

1. e4 e5 2. Nf3 Nc6 3. Bb5 a6 4. Bxc6 dxc6 5. 0-0 f6 6. d4 exd4 7. Nxd4 c5 8. Nb3 Qxd1 9. Rxd1 Be6 10. Be3 c4 11. Nd4 0-0-0 12. Nc3 Bf7 13. Nde2 Re8 14. f3 Bd6 15. Bf2 Ne7 16. Rd2 Rd8 17. Rad1 Rhe8 18. Kf1 Be5 19. Rxd8+ Rxd8 20. Rxd8+ Kxd8 21. Bg3 Nc6 22. Ke1 Kd7 23. Kd2 g6 24. Bxe5 Nxe5 25. f4 Nc6 26. a3 Kd6 27. Nd1 Ne7 28. Ne3 h5 29. Nd4 c5 30. Nf3 Nc6 31. c3 Ke7 32. h3 Nd8 33. g3 b5 34. g4 hxg4 35. hxg4 Nc6 36. g5 fxg5 37. Nxg5 Nd8 38. Ng4 Be8 39. Ke3 Nb7 40. f5 gxf5 41. exf5 a5 42. Kf4 Bh5 43. f6+ Kd6 44. Nh6 Kd5 45. f7 Bxf7 46. Nhxf7 a4 47. Kf5 b4 48. Nh3 Na5 49. Nf4+ Kc6 50. Ke6 Nb3 51. Ne5+ Kb5 52. Kd5 bxc3 53. bxc3 Na1 54. Nxc4 Nc2 55. Nd3 1-0

[Event "Iberoamerican-ch 9th"]
[Site "Panama City"]
[Date "2023.12.01"]
[Round "8"]
[White "Noboa Silva, Kevin Omar"]
[Black "Mejias Nunez, Rafael E"]
[Result "1-0"]
[WhiteElo "2318"]
[BlackElo "2029"]
[PlyCount "57"]
[EventDate "2023.11.25"]
[EventType "swiss"]
[EventRounds "9"]
[EventCountry "PAN"]
[SourceTitle "CB49_2023"]
[SourceDate "2023.12.06"]
[SourceVersion "1"]
[SourceVersionDate "2023.12.06"]
[SourceQuality "1"]

1. d4 Nf6 2. c4 e6 3. Nf3 Bb4+ 4. Bd2 Qe7 5. g3 Nc6 6. Nc3 0-0 7. Bg2 Bxc3 8. Bxc3 Ne4 9. Rc1 d6 10. d5 Nxc3 11. Rxc3 Nb8 12. dxe6 fxe6 13. 0-0 Nc6 14. c5 Rd8 15. cxd6 cxd6 16. Nd4 Nxd4 17. Qxd4 e5 18. Bd5+ Be6 19. Qc4 Bxd5 20. Qxd5+ Kh8 21. Rfc1 Rd7 22. Rc8+ Rxc8 23. Rxc8+ Rd8 24. Qxb7 Qf8 25. Rxd8 Qxd8 26. Qxa7 h5 27. h4 Qf6 28. Qa8+ Kh7 29. Qe4+ 1-0

[Event "Iberoamerican-ch 9th"]
[Site "Panama City"]
[Date "2023.11.25"]
[Round "1"]
[White "Mejias Nunez, Rafael E"]
[Black "Espinosa Veloz, Ermes"]
[Result "0-1"]
[WhiteElo "2029"]
[BlackElo "2478"]
[PlyCount "98"]
[EventDate "2023.11.25"]
[EventType "swiss"]
[EventRounds "9"]
[EventCountry "PAN"]
[SourceTitle "CB49_2023"]
[SourceDate "2023.12.06"]
[SourceVersion "1"]
[SourceVersionDate "2023.12.06"]
[SourceQuality "1"]

1. e4 c5 2. Nf3 Nc6 3. Bb5 e6 4. 0-0 Nge7 5. Re1 a6 6. Bf1 d5 7. exd5 Nxd5 8. Nc3 Be7 9. Ne2 0-0 10. d4 b5 11. c3 Bb7 12. Ng3 Qc7 13. a4 cxd4 14. Nxd4 Nxd4 15. Qxd4 Bc6 16. axb5 axb5 17. Rxa8 Rxa8 18. Nh5 Bf8 19. Rd1 Ra4 20. Qd3 g6 21. Ng3 h5 22. b3 Ra8 23. c4 bxc4 24. bxc4 Nb4 25. Qd4 e5 26. Qh4 Ba4 27. Rd2 Be7 28. Qe4 Bc6 29. Qe2 Bg5 30. Rd1 Ra2 31. Bb2 h4 32. Bxe5 Qa7 33. Qe1 hxg3 34. hxg3 Ba4 35. Bd4 Qe7 36. Qxe7 Bxe7 37. Re1 Bf8 38. Ra1 Rxa1 39. Bxa1 Bc5 40. Bc3 Bc2 41. Bxb4 Bxb4 42. g4 Bc5 43. Be2 Kg7 44. g5 Kf8 45. g3 Ke7 46. Kg2 Kd6 47. g4 Ke5 48. Kg3 Kd4 49. Bf3 Bd6+ 0-1

[Event "Titled Tuesday intern op 26th Sep Late"]
[Site "Chess.com INT"]
[Date "2023.09.26"]
[Round "3"]
[White "Mejias Nunez, Rafael E"]
[Black "Aggelis, Nikolaos"]
[Result "1-0"]
[WhiteElo "2012"]
[BlackElo "2264"]
[PlyCount "57"]
[EventDate "2023.09.26"]
[EventType "swiss (blitz)"]
[EventRounds "11"]
[EventCountry "USA"]
[SourceTitle "EXT 2024"]
[Source "ChessBase"]
[SourceDate "2023.10.10"]
[SourceVersion "1"]
[SourceVersionDate "2023.10.10"]
[SourceQuality "1"]

1. e4 c6 2. d4 d5 3. exd5 cxd5 4. Bd3 Nc6 5. c3 Qc7 6. Ne2 Bg4 7. Nd2 e6 8. Nf1 Bd6 9. Be3 Nge7 10. Qd2 Bf5 11. Nfg3 Bxd3 12. Qxd3 Rb8 13. a4 a6 14. 0-0 0-0 15. f4 b5 16. axb5 axb5 17. f5 exf5 18. Bg5 g6 19. Nf4 b4 20. Qf3 bxc3 21. bxc3 Rb3 22. Rfd1 Qb6 23. h4 f6 24. Nxd5 Nxd5 25. Qxd5+ Kg7 26. Qxd6 fxg5 27. hxg5 Rf7 28. Ra8 Ne7 29. Qe5+ 1-0

[Event "Titled Tuesday intern op 12th Sep Late"]
[Site "Chess.com INT"]
[Date "2023.09.12"]
[Round "4"]
[White "Sarkar, Justin"]
[Black "Mejias Nunez, Rafael E"]
[Result "0-1"]
[WhiteElo "2290"]
[BlackElo "2012"]
[PlyCount "56"]
[EventDate "2023.09.12"]
[EventType "swiss (blitz)"]
[EventRounds "11"]
[EventCountry "USA"]
[SourceTitle "EXT 2024"]
[Source "ChessBase"]
[SourceDate "2023.10.10"]
[SourceVersion "1"]
[SourceVersionDate "2023.10.10"]
[SourceQuality "1"]

1. d4 Nf6 2. c4 e6 3. a3 b6 4. Nc3 Bb7 5. d5 Be7 6. e4 d6 7. Nf3 0-0 8. Bd3 exd5 9. exd5 Re8 10. 0-0 Nbd7 11. Nd4 Nc5 12. Bc2 a5 13. Be3 Bf8 14. b4 axb4 15. axb4 Ncd7 16. Ba4 Ne4 17. Nxe4 Rxe4 18. Bc6 Rxa1 19. Qxa1 Bc8 20. Qb1 Rg4 21. h3 Rg6 22. Nf3 Nb8 23. Kh2 Nxc6 24. dxc6 d5 25. b5 dxc4 26. Qe4 Be6 27. Rc1 h6 28. Bf4 Bd6 0-1

[Event "PUR-ch"]
[Site "San Juan"]
[Date "2023.09.03"]
[Round "8"]
[White "Burgos Rodriguez, Edison"]
[Black "Mejias Nunez, Rafael E"]
[Result "0-1"]
[WhiteElo "1840"]
[BlackElo "2013"]
[PlyCount "101"]
[EventDate "2023.08.25"]
[EventType "swiss"]
[EventRounds "9"]
[EventCountry "PUR"]
[SourceTitle "EXT 2024"]
[Source "ChessBase"]
[SourceDate "2023.10.10"]
[SourceVersion "1"]
[SourceVersionDate "2023.10.10"]
[SourceQuality "1"]

1. e4 e5 2. Bc4 Bc5 3. Nc3 d6 4. Qf3 Nf6 5. h3 Nc6 6. Nge2 Nb4 7. Kd1 Be6 8. d3 h6 9. a3 Nc6 10. Nd5 a6 11. Be3 Bxd5 12. exd5 Ne7 13. Nc3 Bxe3 14. fxe3 Qd7 15. Rf1 Ng6 16. b4 b5 17. Bb3 a5 18. bxa5 Rxa5 19. a4 b4 20. Ne4 Nh7 21. Bc4 0-0 22. Bb5 Qd8 23. Nd2 Qa8 24. Nb3 Ra7 25. Bc6 Qb8 26. Qg4 Qb6 27. Kd2 Ne7 28. a5 Qb8 29. Qc4 Nxc6 30. dxc6 Qa8 31. a6 Ng5 32. Rf2 Ne6 33. d4 exd4 34. exd4 d5 35. Qxd5 Rxa6 36. Rxa6 Qxa6 37. Nc5 Qa5 38. Qc4 Re8 39. Nb3 Qg5+ 40. Kd1 Qh4 41. Re2 Rd8 42. Rd2 Qf4 43. Kc1 Ng5 44. Kb2 Ne4 45. Rd3 Qf1 46. Qxb4 Nf2 47. Rf3 Nd1+ 48. Kc1 Qxg2 49. Qe7 Rf8 50. Nd2 Nf2 51. Rd3 0-1

[Event "Bayamon op"]
[Site "Bayamon"]
[Date "2022.10.10"]
[Round "6"]
[White "Mejias Nunez, Rafael E"]
[Black "Duran Vega, Sergio"]
[Result "0-1"]
[WhiteElo "2000"]
[BlackElo "2376"]
[PlyCount "114"]
[EventDate "2022.10.07"]
[EventType "swiss"]
[EventRounds "7"]
[EventCountry "PUR"]
[SourceTitle "EXT 2024"]
[Source "ChessBase"]
[SourceDate "2023.10.10"]
[SourceVersion "1"]
[SourceVersionDate "2023.10.10"]
[SourceQuality "1"]

1. e4 c5 2. Nf3 Nc6 3. Bb5 g6 4. 0-0 Bg7 5. Re1 e5 6. d3 Nge7 7. Be3 Nd4 8. Bc4 0-0 9. Nbd2 d5 10. exd5 Nxd5 11. Bg5 Nxf3+ 12. Nxf3 Qd6 13. Bd2 b6 14. Ng5 Bb7 15. Qf3 Qd7 16. Qh3 Qxh3 17. Nxh3 h6 18. Rab1 Nb4 19. Rbc1 Rad8 20. Bc3 Nc6 21. f4 Rfe8 22. fxe5 Nxe5 23. Bb3 b5 24. Nf4 c4 25. dxc4 Nxc4 26. Bxg7 Kxg7 27. Nd3 Nd2 28. Rcd1 Nxb3 29. axb3 Be4 30. Re3 Bxd3 31. Rdxd3 Rxd3 32. Rxd3 Re1+ 33. Kf2 Rb1 34. Ke3 Rxb2 35. Rc3 Ra2 36. Kd4 a5 37. Kc5 b4 38. Rc4 f5 39. Kd5 Ra1 40. h4 h5 41. Rc7+ Kf6 42. Rc6+ Kg7 43. Rc7+ Kh6 44. Ke5 a4 45. Kf6 axb3 46. cxb3 Ra6+ 47. Ke5 Rb6 48. Ra7 Rb5+ 49. Kf6 f4 50. Ke6 g5 51. Rf7 gxh4 52. Rxf4 Kg5 53. Re4 Rb8 54. Kd6 Rd8+ 55. Ke5 Re8+ 56. Kd5 Rxe4 57. Kxe4 Kg4 0-1

[Event "Online Olym Div3 E"]
[Site "Chess.com INT"]
[Date "2021.08.28"]
[Round "6.1"]
[White "Mejias Nunez, Rafael E"]
[Black "Mendez Machado, Andre"]
[Result "0-1"]
[WhiteElo "1970"]
[BlackElo "1773"]
[PlyCount "120"]
[EventDate "2021.08.27"]
[EventType "team-tourn (rapid)"]
[EventRounds "9"]
[EventCountry "USA"]
[SourceTitle "CBM 204 Extra"]
[Source "ChessBase"]
[SourceDate "2021.11.30"]
[SourceVersion "1"]
[SourceVersionDate "2021.11.30"]
[SourceQuality "1"]
[WhiteTeam "Puerto Rico"]
[BlackTeam "Panama"]
[WhiteTeamCountry "PUR"]
[BlackTeamCountry "PAN"]

1. e4 e5 2. Nf3 Nc6 3. Bb5 a6 4. Ba4 Nf6 5. d3 b5 6. Bb3 Bc5 7. c3 d6 8. 0-0 Bb6 9. a4 Rb8 10. Be3 Bxe3 11. fxe3 0-0 12. axb5 axb5 13. Nbd2 Bb7 14. Nh4 Ne7 15. Qf3 c5 16. Qg3 Kh8 17. Bc2 Qc7 18. Rf2 Qc8 19. Nf5 Nxf5 20. Rxf5 Bc6 21. Raf1 Bd7 22. R5f2 Be6 23. Nf3 Ng4 24. Re2 Nh6 25. Nh4 f6 26. Ref2 Ra8 27. Nf5 Bxf5 28. exf5 d5 29. Qf3 Qc6 30. Rd1 Nf7 31. c4 Rfd8 32. Bb3 Ng5 33. Qe2 dxc4 34. dxc4 b4 35. Rd5 Ne4 36. Rf1 Rxd5 37. cxd5 Qb6 38. Bc4 Nd6 39. b3 Ne4 40. Qd3 Nc3 41. d6 Rd8 42. d7 Qc6 43. Ra1 h6 44. Be6 e4 45. Qc4 Qc7 46. Ra5 Qxa5 47. h3 Qc7 48. Qa6 Kh7 49. Qc8 Qb6 50. Kf2 Nb5 51. Bc4 Nd6 52. Bg8+ Kh8 53. Be6 Nxc8 54. dxc8Q Rxc8 55. Bxc8 Qd6 56. Be6 Qd2+ 57. Kf1 Qxe3 58. Bc4 Qf4+ 59. Kg1 Qxf5 60. Kh2 e3 0-1

[Event "Online Olym Div4 E"]
[Site "Chess.com INT"]
[Date "2021.08.22"]
[Round "8.5"]
[White "Mejias Nunez, Rafael E"]
[Black "Gontcharov, Dimitri"]
[Result "1-0"]
[WhiteElo "1970"]
[BlackElo "1448"]
[PlyCount "45"]
[EventDate "2021.08.20"]
[EventType "team (rapid)"]
[EventRounds "11"]
[EventCountry "USA"]
[SourceTitle "CBM 203 Extra"]
[Source "ChessBase"]
[SourceDate "2021.09.30"]
[SourceVersion "1"]
[SourceVersionDate "2021.09.30"]
[SourceQuality "1"]
[WhiteTeam "Puerto Rico"]
[BlackTeam "Bermuda"]
[WhiteTeamCountry "PUR"]
[BlackTeamCountry "BER"]

1. e4 c5 2. Nf3 e6 3. d4 cxd4 4. Nxd4 a6 5. Bd3 Qc7 6. 0-0 Nf6 7. Qe2 d6 8. c4 Nbd7 9. Nc3 b6 10. f4 Bb7 11. Bd2 Be7 12. Rae1 0-0 13. b4 Rfe8 14. e5 dxe5 15. fxe5 Nxe5 16. Qxe5 Qxe5 17. Rxe5 Red8 18. Nd5 Bxd5 19. cxd5 Nxd5 20. Nc6 Rd6 21. Rxd5 Rxc6 22. Rd7 Bf6 23. Be4 1-0

[Event "Puerto Rico Inv"]
[Site "Caguas"]
[Date "2021.04.30"]
[Round "1"]
[White "Mejias Nunez, Rafael E"]
[Black "Fuentes, Adrian"]
[Result "1-0"]
[WhiteElo "1915"]
[BlackElo "2186"]
[PlyCount "107"]
[EventDate "2021.04.30"]
[EventType "swiss"]
[EventRounds "5"]
[EventCountry "PUR"]
[SourceTitle "EXT 2023"]
[Source "ChessBase"]
[SourceDate "2022.10.05"]
[SourceVersion "1"]
[SourceVersionDate "2022.10.05"]
[SourceQuality "1"]

1. e4 c5 2. Nf3 d6 3. d4 cxd4 4. Qxd4 a6 5. c4 e5 6. Qd2 Nf6 7. Nc3 h6 8. b3 Nc6 9. h3 Be6 10. Bd3 Be7 11. Bb2 0-0 12. 0-0 Nh5 13. Ne2 Qb6 14. g4 Nf6 15. Ng3 Nh7 16. Qe3 Qa5 17. a3 Ng5 18. Nxg5 Bxg5 19. Qe2 Qb6 20. b4 g6 21. Rfd1 a5 22. b5 Nd4 23. Bxd4 Qxd4 24. Ra2 Rac8 25. Rc2 Rc7 26. Qe1 Qb6 27. Nf1 Rfc8 28. Qe2 Qc5 29. Ra1 Bf4 30. Kg2 Kg7 31. Ne3 Bxe3 32. fxe3 Rh8 33. h4 f6 34. Qe1 b6 35. Qg3 h5 36. g5 f5 37. exf5 gxf5 38. Rf2 e4 39. Be2 Kg6 40. Qf4 Qe5 41. Qxe5 dxe5 42. Rd1 Rd7 43. Rxd7 Bxd7 44. Rf1 Kf7 45. Rd1 Ke6 46. Kg3 Be8 47. Rd8 Rf8 48. Bxh5 f4+ 49. Kf2 Ke7 50. Rxe8+ Rxe8 51. Bxe8 Kxe8 52. c5 bxc5 53. b6 Kd7 54. g6 1-0

[Event "PUR-ch"]
[Site "Caguas"]
[Date "2020.01.26"]
[Round "4"]
[White "Santiago Fernandez, Joel"]
[Black "Mejias Nunez, Rafael E"]
[Result "1/2-1/2"]
[WhiteElo "1635"]
[BlackElo "1928"]
[PlyCount "156"]
[EventDate "2020.01.24"]
[EventType "swiss"]
[EventRounds "5"]
[EventCountry "PUR"]
[SourceTitle "CBM 195 Extra"]
[Source "ChessBase"]
[SourceDate "2020.05.31"]
[SourceVersion "1"]
[SourceVersionDate "2020.05.31"]
[SourceQuality "1"]

1. e4 e5 2. Bc4 Nf6 3. d3 Bc5 4. Nf3 d6 5. c3 a6 6. Bb3 h6 7. Nbd2 Nbd7 8. Nf1 Ba7 9. Ng3 Nf8 10. d4 Qe7 11. dxe5 dxe5 12. 0-0 g6 13. Qe2 Be6 14. Bxe6 Qxe6 15. Be3 Bxe3 16. Qxe3 N8d7 17. h3 Qb6 18. Qxb6 cxb6 19. Rfd1 Ke7 20. a4 Rac8 21. Kf1 Rc4 22. Nd2 Rc6 23. Ke2 Nc5 24. b4 Ne6 25. Rac1 Nf4+ 26. Kf3 Nd3 27. b5 Rc7 28. Rc2 Nb4 29. Rcc1 Na2 30. Rc2 Nxc3 31. Rdc1 Rhc8 32. bxa6 bxa6 33. Ne2 Nb5 34. Rxc7+ Nxc7 35. Rc6 Nd7 36. Nc3 Kd8 37. Nc4 Rb8 38. Nd6 Ne6 39. Ke3 Nd4 40. Nxf7+ Ke7 41. Rc7 Kxf7 42. Rxd7+ Ke6 43. Rg7 Kf6 44. Rc7 g5 45. Nd5+ Kg6 46. Rd7 b5 47. Rd6+ Kg7 48. Rxa6 b4 49. a5 b3 50. Rb6 Rxb6 51. axb6 b2 52. Nc3 Nb5 53. Nb1 Nd6 54. Kd3 Kf6 55. Kc2 Ke6 56. Kxb2 Kd7 57. Nd2 Kc6 58. Kc2 Kxb6 59. Kd3 Kb5 60. Nf3 Nf7 61. g4 Kc5 62. h4 Kd6 63. hxg5 hxg5 64. Nd2 Nh6 65. Nc4+ Ke6 66. f3 Ng8 67. Nd2 Ne7 68. Kc4 Nc6 69. Nb3 Ne7 70. Kc5 Ng6 71. Kc6 Nh4 72. Nc5+ Ke7 73. Kd5 Nxf3 74. Nd3 Kf6 75. Nc5 Ke7 76. Nd3 Kf6 77. Nc5 Ke7 78. Nd3 Kf6 1/2-1/2

[Event "Pan American-ch U18"]
[Site "Guayaquil"]
[Date "2019.07.26"]
[Round "8"]
[White "Mejias Nunez, Rafael E"]
[Black "Caballero Quijano, Mitzy Mishell"]
[Result "1/2-1/2"]
[WhiteElo "1908"]
[BlackElo "2059"]
[PlyCount "83"]
[EventDate "2019.07.21"]
[EventType "swiss"]
[EventRounds "9"]
[EventCountry "ECU"]
[SourceTitle "EXT 2020"]
[Source "ChessBase"]
[SourceDate "2019.10.17"]
[SourceVersion "1"]
[SourceVersionDate "2019.10.17"]
[SourceQuality "1"]

1. e4 e6 2. d4 d5 3. Nd2 c5 4. exd5 exd5 5. Ngf3 Nf6 6. Bb5+ Bd7 7. Bxd7+ Nbxd7 8. 0-0 Be7 9. c3 0-0 10. Re1 c4 11. Nf1 Ne4 12. Ne3 Ndf6 13. Qc2 Re8 14. Ne5 Bf8 15. Nf5 h6 16. Be3 Nd7 17. Nf3 Qf6 18. Ng3 Bd6 19. Nd2 Bxg3 20. hxg3 Qd6 21. Nf1 f5 22. f3 Nxg3 23. Nxg3 Qxg3 24. Qxf5 Nf6 25. Bf2 Qg5 26. Qxg5 hxg5 27. Be3 g4 28. Bg5 Nh7 29. Bh4 gxf3 30. gxf3 g5 31. Bg3 Kf7 32. Re5 Rxe5 33. Bxe5 Kg6 34. Kg2 Nf8 35. Bd6 Ne6 36. Re1 Kf6 37. Kf2 Rd8 38. Bg3 b5 39. Rh1 Kg6 40. Re1 Kf6 41. Rh1 Kg6 42. Re1 1/2-1/2

[Event "Olympiad-43"]
[Site "Batumi"]
[Date "2018.09.28"]
[Round "5.50"]
[White "Ashiku, Franc"]
[Black "Mejias Nunez, Rafael E"]
[Result "1-0"]
[WhiteElo "2373"]
[BlackElo "1943"]
[PlyCount "77"]
[EventDate "2018.09.24"]
[EventType "team-swiss"]
[EventRounds "11"]
[EventCountry "GEO"]
[SourceTitle "CBM 187"]
[Source "ChessBase"]
[SourceDate "2018.12.11"]
[SourceVersion "1"]
[SourceVersionDate "2018.12.11"]
[SourceQuality "1"]
[WhiteTeam "Albania"]
[BlackTeam "Puerto Rico"]
[WhiteTeamCountry "ALB"]
[BlackTeamCountry "PUR"]

1. Nf3 d5 2. g3 Nf6 3. Bg2 Bg4 4. c4 c6 5. Ne5 Be6 6. cxd5 Bxd5 7. Nf3 c5 8. 0-0 g6 9. Nc3 Bc6 10. d4 cxd4 11. Qxd4 Qxd4 12. Nxd4 Bxg2 13. Kxg2 Bg7 14. Ndb5 Na6 15. Be3 Ng4 16. Bxa7 0-0 17. Rfd1 Rfd8 18. Bb6 Rxd1 19. Rxd1 Ne5 20. b3 Nb4 21. a3 Nc2 22. Bc5 Rc8 23. Bxe7 Nc6 24. Bd6 Na5 25. Nd5 Nc6 26. e3 h6 27. Ne7+ Nxe7 28. Bxe7 Na1 29. b4 Nb3 30. Rd7 Rc2 31. Rxb7 Nd2 32. Nd6 Be5 33. Rb8+ Kh7 34. Rc8 Ra2 35. Nc4 Nxc4 36. Rxc4 Rxa3 37. f4 Bg7 38. Kf3 Rb3 39. Bc5 1-0